00291nam a22001097a 4500008004100000082001500041100002100056245003900077260003600116300000900152440002000161230626b xxu||||| |||| 00| 0 eng d a332.9bJDS cChristioan Lund  aThe Journal of Development Studies aEnglandbFrank CASS & Co.c2001 a206p n2v38x00220388